00923nam a22001937a 450000500170000000800400001702000180005705000250007524502200010025000110032026000530033130000390038465000320042365100560045565100690051165100700058070000410065070000380069120170403103202.0170403b mx ||||| |||| 00| 0 spad a978607417017704aHF3238.M4 bM46 200900aMemorias e historias compartidas : bIntercambios culturales, relaciones comerciales y diplomáticas entre México y los países bajos, siglos XVI-XX / cLaura Pérez Rosales, Arjen van der Sluis, coordinadores  a1a ed. aMéxico : bUniversidad Iberoamericana, c2009. a360 p. : bilustraciones, c23 cm. 72lembaRelaciones culturales 72lembaPaíses BajosxComerciozMéxico xHistoria 72lembaMéxico xRelaciones exterioreszPaíses BajosxHistoria 72lembaPaíses Bajos xRelaciones exterioreszMéxico xHistoria1 aPérez Rosales, Laura eCoordinador1 aSluis, Arjen van dereCoordinador